000 07294 a2200253 4500
003 UA-OsUOA
005 20230608145945.0
008 230608b un ||||| |||| 00| 0 ukr d
020 _a9786178003777
040 _aUA-OsUOA
_bukr
_cUA-OsUOA
_dUA-OsUOA
041 _aukr
080 _a323.1(477.8)
090 _a323.1(477.8)
_bМ77
100 _aМонолатій І.
245 _aЕтнопериферійність. Участь суб'єктів західноукраїнської етнополітичної сфери в міжетнічній взаємодії, міждержавних конфліктах і культурі пам'яти
_cІван Монолатій
260 _aДрогобич
_bПосвіт
_c2022
300 _a576 с.
505 0 0 _aВступ. Західноукраїнська етнополітична сфера: pro et contra 7 Частина перша ІДЕНТИЧНОСТІ Розділ 1. Між етнічністю і конфесійністю: трикутник ідентичностей «інших своїх» західноукраїнської етнополітичної сфери 21 1.1. Перший кут: ідентичності поляків 25 1. 2. Другий кут: ідентичності євреїв 43 1. 3. Третій кут: ідентичності німців 62 Розділ 2. Між конфліктом і компромісом: моделі співіснування «своїх» і «чужих» в західноукраїнській етнополітичній сфері 79 2.1. Українсько-польська модель 81 2.2. Українсько-єврейська модель 102 2.3. Українсько-німецька модель 116 Розділ 3. Між патріотами «своєї» землі та самовигнанцями: вибрані репрезентанти західноукраїнської етнополітичної сфери 135 3.1. «Кресов’янка», поетка Зоф’я Марія Бессажанка 138 3.2. «Українофіл», видавець Яків Оренштайн 157 3.3. «Галичанин», військовик Ганс Кох 181 Розділ 4. Між протистоянням і пристосуванством: (анти)урбаністична специфіка західноукраїнської етнополітичної сфери 195 4.1. Західноукраїнське місто як епіцентр протистояння «іншостей» 197 4.2. Західноукраїнське місто в умовах національної державности «своїх» (Станиславів, 1918–1919 рр.) 208 4.3. Західноукраїнське місто «своїх» в умовах «війни всіх проти всіх» (Коломия, 1939–1943 рр.) 224 ЗМІСТ 4 Частина друга ПОТЕНЦІАЛИ Розділ 5. Між формальною силою і фактичним безсиллям: моделювання потенціалу західноукраїнської етнополітичної сфери 243 5.1. Сила/потенціал ЗУНР: формальні показники 246 5.2. ЗУНР: форми (сектори) потенціалу 251 5.3. Потенціал ЗУНР: сила «жорстка» versus сила «м’яка» 269 5.4. Сила ЗУНР: п’ять пар типів дипломатії 277 5.5. Потенціал ЗУНР: виміряти не можна моделювати 296 5.6. Моделювання міжнародного балансу сил: синтетичні виміри потенціалу ЗУНР–ЗОУНР 305 5.7. Проєктування стратегії національної безпеки: приклад потенціалу ЗУНР–ЗОУНР 315 Частина третя ІНТЕРПРЕТАЦІЇ Розділ 6. Між (не)ймовірним і (не)вразливим: випадковість і повторювальність як особливості західноукраїнської етнополітичної сфери 331 6.1. Листопадовий чин: революція чи переворот? Дилеми сучасного розуміння подій осені 1918 р. 333 6.2. Інституціоналізація західноукраїнської державности і теорія «Чорного лебедя» 352 6.3. Західноукраїнська державність і теорія «Сірого носорога» 371 6.4. Культура західноукраїнської етнополітичної сфери і теорія «Ефекту метелика» 389 6.5. Фрактальні розмірності західноукраїнської етнополітичної сфери 418 Розділ 7. Між пам’ятанням і фікціоналізацією: західноукраїнська етнополітична сфера в сучасній літературі 439 7.1. «Львівський» текст Юрія Винничука 441 7.2. «Станиславівський текст» Софії Андрухович 453 7.3. «Коломийський текст» Романа Іваничука 461 7.4. «Чортківський текст» Василя Махна 473 7.5. «Перемишльський» текст Лукаша Сатурчака 482 7.6. «Збірні образи» західноукраїнської етнополітичної сфери: рецензії та ремінісценції 492 Закінчення. Західноукраїнська етнополітична сфера: themata et problemata 509 Джерела та література 527 Перелік таблиць у тексті 562 Покажчик імен і прізвищ 563 SUMMARY 573
520 _aУ цій книжці, написання якої завершувалося навесні 2022 року під час цьогорічної війни за незалежність України від російських окупантів, досліджуються суб’єкти і тенденції західноукраїнської етнополітичної сфери як наукової проблеми сучасної політичної науки, зокрема історії етнополітології і ретроспективної політології через призму дискурсів ідентичностей, потенціалів та інтерпретацій феномена міжетнічної взаємодії.
650 _2UDC
_a323.1 Національні, народні, етнічні рухи. Національні питання. Національні та етнічні меншини
942 _cBK
_2udc
955 _a1
999 _c574399
_d574399